| 000 | 00521nam a2200181Ia 4500 | ||
|---|---|---|---|
| 005 | 20250326142811.0 | ||
| 008 | 250326s9999 xx 000 0 und d | ||
| 037 | _aTextbook | ||
| 040 |
_aFMSL _beng _cFMSL |
||
| 041 |
_aeng _2eng |
||
| 084 | _qFMSL | ||
| 100 | _aIndia (govt. Of........) | ||
| 245 | 0 |
_aRegistrations and liquidations of joint stock companies in India 1980-82 _cIndia (govt. Of........) |
|
| 260 |
_aGovt. _bGovt., of India _c1982 |
||
| 300 | _a868p | ||
| 942 | _cTB | ||
| 999 |
_c1296693 _d1296693 |
||